| 000 | 00903nam a2200253 i 4500 | ||
|---|---|---|---|
| 001 | 81623 | ||
| 003 | ES-MaACL | ||
| 005 | 20250812031812.0 | ||
| 007 | t| | ||
| 008 | 041105s1968 sp ||||1| spa d | ||
| 100 | 1 |
_aHubert, Jean. _964500 |
|
| 245 | 1 | 3 |
_aLa Europa de las invasiones / _cJean Hubert, Jean Porcher, Wolfgang F. Volbach ; traducción de Luis Hernández Alfonso. |
| 260 |
_a[Madrid] : _bAguilar, _c[1968] |
||
| 300 |
_aXIV, 394 p., 45 lám. : _bil. col. y n., mapas col. ; _c28 cm. |
||
| 490 | 1 | _aEl universo de las formas | |
| 650 | 7 |
_aArte medieval _2embne _9135618 |
|
| 651 | 4 |
_aRoma- _xHistoria- _yS. III-VI (Invasiones bárbaras) _9146751 |
|
| 700 | 1 |
_aPorcher, Jean. _993121 |
|
| 700 | 1 |
_aVolbach, Wolfgang Fritz. _9115687 |
|
| 700 | 1 |
_aHernández Alfonso, Luis. _962874 |
|
| 830 | 1 |
_aEl universo de las formas _9181490 |
|
| 852 |
_aES-MaACL _jE-6962 |
||
| 999 |
_c81623 _d81623 |
||